000 00654nam a2200205Ii 4500
003 JO-AjNU
008 230605s9999||||xx |||||||||||||| ||und||
040 _aJO-AjNU
_bara
_erda
_cJO-AjNU
041 _aara
050 1 4 _aQP360.A422 1975
100 3 _aعكاشة ، احمد,
_eauthor
_919648
245 0 0 _aالتشريح الوظيفي علم النفس الفسيولوجي
250 _aط3
264 3 1 _aالقاهرة:دار المعارف ، 1975
300 _a323ص
336 _atext
_btxt
_2rdacontent
337 _aunmediated
_bn
_2rdamedia
338 _avolume
_bnc
_2rdacarrier
650 4 _aعلم النفس الفسيولوجي
_919649
999 _aA6520
_c10088
_d10088